Philippians: rejoice in the Lord. (Record no. 18087)

000 -LEADER
fixed length control field 00451nam a22001457a 4500
008 - FIXED-LENGTH DATA ELEMENTS--GENERAL INFORMATION
fixed length control field 120203t xxu||||| |||| 00| 0 eng d
050 ## - LIBRARY OF CONGRESS CALL NUMBER
Classification number BS 2705.5
Item number .R62
100 ## - MAIN ENTRY--PERSONAL NAME
Personal name Robbins, Ray Frank
9 (RLIN) 1961
245 ## - TITLE STATEMENT
Title Philippians: rejoice in the Lord.
260 ## - PUBLICATION, DISTRIBUTION, ETC. (IMPRINT)
Place of publication, distribution, etc Nashville, TN
Name of publisher, distributor, etc Convention Press
Date of publication, distribution, etc 1980.
300 ## - PHYSICAL DESCRIPTION
Extent 143 p.
Dimensions 20 cm.
440 ## - SERIES STATEMENT/ADDED ENTRY--TITLE
Title January Bible study.
9 (RLIN) 1962
650 ## - SUBJECT ADDED ENTRY--TOPICAL TERM
Topical term or geographic name as entry element Bible. N.T. Philippians
General subdivision Study and teaching.
9 (RLIN) 1963
942 ## - ADDED ENTRY ELEMENTS (KOHA)
Source of classification or shelving scheme
Item type Books
Copies
Permanent location Not for loan Barcode Koha item type Shelving location Withdrawn status Current location Copy number Source of classification or shelving scheme Lost status Damaged status Date last seen Full call number Date acquired Price effective from
RHEMA Bible Training College 22056BooksGeneral Stacks RHEMA Bible Training College1   2018-04-03BS 2705.5 .R622012-02-032012-02-03